000 00840nam a2200265 i 4500
001 C2-0256026
003 PPAK
005 20180727223531.0
008 040629s2004 my a|||| ||||| | may d
020 _a9830602036
040 _aPPAK
_beng
_cPPAK
_erda
082 0 4 _a297.07
_223
090 0 0 _a297.07
_bMUH
_dK
100 0 _aMuhamad Ismail Ahmad,
_eauthor
245 1 0 _aRemaja mukmin
264 1 _aPetaling Jaya, Selangor :
_bHasrat Murni ,
_c2004
300 _a60 pages :
_billustrations ;
_c26 cm
336 _2rdacontent
_atext
337 _2rdamedia
_aunmediated
338 _2rdacarrier
_avolume
490 1 _aSiri pendidikan Islam dan moral
650 1 0 _aIslamic education - Study and teaching ; Teenagers - Religious life - Islam ; Teenagers - Conduct of life
830 0 _aSiri pendidikan Islam dan moral
942 _ddc
_cB
999 _c68287
_d68287